000 01004nas a2200325 4500
001 BR2015000731
003 BR-BrBNA
005 20231205125011.0
007 ta
008 230509b bl.|||p| |||| 00| 00por d
040 _aBR-BrBNA
_bpor
_cBiblioteca Nacional de Agricultura
041 _a(Pt)
072 _aL10
100 1 _aFerreira, T.A.
100 1 _aPereira, I.G.
100 1 _aGouveia, A.M.G.
100 1 _aPires, A.V.
100 1 _aFacó, O.
100 1 _aFarah, M.M.
100 1 _aPessoa, M.C.
100 1 _aGuimarães, M.P.S.L.P.M.
245 1 _aAvaliação genética de caprinos da raça Saanen nascidos no Brasil de 1979 a 2009
650 _aCAPRINO
650 _aFENÓTIPO
650 _aPARÂMETRO GENÉTICO
650 _aMELHORAMENTO GENÉTICO ANIMAL
773 0 _tArquivo Brasileiro de Medicina Veterinária e Zootecnia (Brazil)
_xISSN 0102-0935
_g(Aug 2014), v. 66(4) p. 1179-1188
_wBR2015000731
909 _a202311
_bLúcia
_c55
_dLúcia Elande
942 _2AGRIS
_n0
_cANA
999 _c242066
_d242066